Les individus (Record no. 13830)

MARC details
000 -LEADER
campo de control de longitud fija 00751nam a2200241 i 4500
001 - NÚMERO DE CONTROL
campo de control 13830
003 - IDENTIFICADOR DE NÚMERO DE CONTROL
campo de control ES-MaACL
005 - FECHA Y HORA DE LA ÚLTIMA TRANSACCIÓN
campo de control 20250804012817.0
007 - CAMPO FIJO DE DESCRIPCIÓN FÍSICA--INFORMACIÓN GENERAL
campo de control de longitud fija t|
008 - DATOS DE LONGITUD FIJA--INFORMACIÓN GENERAL
campo de control de longitud fija 980709s1973 fr ||||1| fre d
080 ## - NÚMERO DE LA CLASIFICACIÓN DECIMAL UNIVERSAL
Número de la Clasificación Decimal Universal 111
100 1# - ENTRADA PRINCIPAL--NOMBRE DE PERSONA
Nombre de persona Strawson, P. F.
9 (RLIN) 108411
245 14 - MENCIÓN DEL TÍTULO
Título Les individus
Resto del título : essai de métaphysique descriptive /
Mención de responsabilidad, etc. P.F. Strawson ; traduit de l'anglais par A. Shalom et Paul Drong.
260 ## - PUBLICACIÓN, DISTRIBUCIÓN, ETC.
Lugar de publicación, distribución, etc. Paris :
Nombre del editor, distribuidor, etc. Editions du Seuil,
Fecha de publicación, distribución, etc. [1973]
300 ## - DESCRIPCIÓN FÍSICA
Extensión 287 p. ;
Dimensiones 21 cm.
490 1# - MENCIÓN DE SERIE
Mención de serie L'ordre philosophique
650 #7 - PUNTO DE ACCESO ADICIONAL DE MATERIA--TÉRMINO DE MATERIA
Término de materia o nombre geográfico como elemento de entrada Metafísica
Fuente del encabezamiento o término embne
9 (RLIN) 15012
700 1# - ENTRADA AGREGADA--NOMBRE PERSONAL
Nombre de persona Shalom, A.
9 (RLIN) 105999
700 1# - ENTRADA AGREGADA--NOMBRE PERSONAL
Nombre de persona Drong, Paul.
9 (RLIN) 45658
830 0# - PUNTO DE ACCESO ADICIONAL DE SERIE-TÍTULO UNIFORME
Título uniforme L'ordre philosophique
9 (RLIN) 177512
852 ## - LOCALIZACIÓN
Ubicación ES-MaACL
Número de control de estantería L-21323
Sublocalización o colección R.113554
Holdings
Estatus retirado Estado de pérdida Estado de daño No para préstamo Biblioteca de origen Biblioteca actual Ubicación en estantería Fecha de adquisición Fuente de adquisición Total de préstamos Signatura topográfica completa Código de barras Visto por última vez Precio de reemplazo Tipo de ítem Koha
        Biblioteca del Ateneo de Madrid Biblioteca del Ateneo de Madrid Depósito 2 17/01/2008     L-21323 1014074 23/02/2023 23/02/2023 Libro impreso